MARC

LEADER 00000nam0a2200000 4500
001 335860
005 20231102004809.0
035 |a (RuTPU)RU\TPU\book\362272 
090 |a 335860 
100 |a 20171004d1964 m y0rusy50 ca 
101 0 |a rus 
102 |a RU 
105 |a a j 001zy 
200 1 |a Теоретические основы машиностроительного конструирования  |e конспект курса  |f Н. А. Ковалев  |g Московский энергетический институт 
210 |a Москва  |c Высшая школа  |d 1964 
215 |a 227 с.  |c ил. 
320 |a Библиогр.: с. 218 
606 1 |a Машины  |x Конструкция и расчет  |2 stltpush  |3 (RuTPU)RU\TPU\subj\41706  |9 61492 
610 1 |a машиностроительное конструирование 
610 1 |a конспекты 
610 1 |a учебные пособия 
610 1 |a механизмы 
610 1 |a кинематика 
610 1 |a динамика 
610 1 |a прочность 
610 1 |a нагрузочная способность 
610 1 |a взаимозаменяемость 
610 1 |a опоры скольжения 
610 1 |a опоры качения 
610 1 |a простейшие механизмы 
610 1 |a кулачковые механизмы 
610 1 |a зубчатые передачи 
610 1 |a винтовые механизмы 
610 1 |a червячные передачи 
675 |a 621.001.66(075.8)  |v 4 
700 1 |a Ковалев  |b Н. А. 
712 0 2 |a Московский энергетический институт  |c (1930-1992)  |2 stltpush  |3 (RuTPU)RU\TPU\col\20092  |9 27693 
801 1 |a RU  |b 63413507  |c 20171004 
801 2 |a RU  |b 63413507  |c 20201130  |g RCR 
942 |c BK